000 00218 a2200097 4500
001 42560
100 _aSchramm W.V
245 _aConspiracy among generals
260 _aLondon
_bGeorge Allen
_c
090 _c26470
_d26470
942 _aNUST-CAE
_cM
_c18303
999 _c277633
_d277633